书目信息 |
| 题名: |
京都
|
|
| 作者: | 林屋辰三郎, 著 ;李濯凡 译 | |
| 分册: | ||
| 出版信息: | 北京 新星出版社 2019.01 |
|
| 页数: | xxi, 286页 | |
| 开本: | 19cm | |
| 丛书名: | 岩波新书精选 | |
| 单 册: | ||
| 中图分类: | K313.9 | |
| 科图分类: | ||
| 主题词: | ||
| 电子资源: | ||
| ISBN: | 978-7-5133-3123-4 | |
| 000 | 01192nam 2200301 450 | |
| 001 | CAL 012018198605 | |
| 005 | 20190107122403.7 | |
| 010 | @a978-7-5133-3123-4@b精装@dCNY49.00 | |
| 100 | @a20181226d2019 ekmy0chiy50 ea | |
| 101 | 1 | @achi@cjpn |
| 102 | @aCN@b110000 | |
| 105 | @aab a 000yy | |
| 106 | @ar | |
| 200 | 1 | @a京都@Ajing du@f(日) 林屋辰三郎著@F( ri ) lin wu chen san lang zhu@g李濯凡译 |
| 210 | @a北京@c新星出版社@d2019.01 | |
| 215 | @axxi, 286页@c图, 地图@d19cm | |
| 225 | 2 | @a岩波新书精选@Ayan bo xin shu jing xuan@v03 |
| 314 | @a林屋辰三郎, 文学博士。李濯凡, 现任外交学院外语系副教授, 第七届中国日语教学研究会理事。 | |
| 320 | @a有书目 (第281-284页) | |
| 330 | @a本书从历史学家的眼光出发, 以时间划分空间, 以空间展现时间, 在不同的地点, 探寻不同的历史。土生土长的京都人、京都大学人文研究所教授林屋辰三郎, 凭借对京都的熟悉和热爱, 为我们解读京都人的坚韧和京都文化的包容。 | |
| 410 | 0 | @12001 @a岩波新书精选@v03 |
| 586 | @a | |
| 607 | @a京都@Ajing du@x地方史 | |
| 690 | @aK313.9@v5 | |
| 701 | 0 | @a林屋辰三郎,@Alin wu chen san lang@f1914-1998@4著 |
| 702 | 0 | @a李濯凡@Ali zhuo fan@4译 |
| 801 | 0 | @aCN@c20181226 |
| 905 | @a河南城建学院图书馆@dK313.9@eL520@f2 | |
| 京都/(日) 林屋辰三郎著/李濯凡译.-北京:新星出版社,2019.01 |
| xxi, 286页:图, 地图;19cm.-(岩波新书精选;03) |
| ISBN 978-7-5133-3123-4(精装):CNY49.00 |
| 本书从历史学家的眼光出发, 以时间划分空间, 以空间展现时间, 在不同的地点, 探寻不同的历史。土生土长的京都人、京都大学人文研究所教授林屋辰三郎, 凭借对京都的熟悉和热爱, 为我们解读京都人的坚韧和京都文化的包容。 |
| ● |
| 相关链接 |
|
|
|
正题名:京都
索取号:K313.9/L520
 
预约/预借
| 序号 | 登录号 | 条形码 | 馆藏地/架位号 | 状态 | 备注 |
| 1 | 1416763 | 214167630 | 社科库309/309社科库 39排7列4层/ [索取号:K313.9/L520] | 在馆 | |
| 2 | 1416764 | 214167649 | 社科库309/309社科库 39排7列4层/ [索取号:K313.9/L520] | 在馆 |